[Event "14th EUR-ch"]
[Site "Legnica POL"]
[Date "2013.05.08"]
[Round "4"]
[White "Kulaots, Kaido"]
[Black "Lewtak, Damian"]
[Result "1-0"]
[WhiteElo "2586"]
[BlackElo "2224"]
[EventDate "2013.05.05"]
[PlyCount "63"]

1.d4 d5 2.c4 c6 3.Nc3 Nf6 4.Nf3 dxc4 5.a4 Bf5 6.Ne5 Nbd7 7.Nxc4 Qc7 8.g3 
e5 9.dxe5 Nxe5 10.Bf4 Nfd7 11.Bg2 f6 12.O-O g5 13.Bxe5 Nxe5 14.Ne3 Bg6 15.
a5 a6 16.Qa4 Qd6 17.Ne4 Bxe4 18.Qxe4 Qb4 19.Qf5 Qe7 20.Rad1 Bg7 21.Qe4 Qc5
22.b4 Qa7 23.Qf5 O-O 24.Be4 Ng6 25.Qe6+ Kh8 26.Qh3 Kg8 27.Rd7 Qb8 28.Nf5 
Rf7 29.Rfd1 Ne5 30.Rxf7 Kxf7 31.Nxg7 Kxg7 32.Qxh7+ 1-0

[Event "14th EUR-ch"]
[Site "Legnica POL"]
[Date "2013.05.08"]
[Round "4"]
[White "Kreisl, Robert"]
[Black "Cheparinov, Ivan"]
[Result "1-0"]
[WhiteElo "2380"]
[BlackElo "2700"]
[EventDate "2013.05.05"]
[PlyCount "83"]

1.Nf3 Nf6 2.c4 c5 3.Nc3 d5 4.cxd5 Nxd5 5.d4 Nxc3 6.bxc3 g6 7.e4 Bg7 8.Rb1 
O-O 9.Be2 b6 10.O-O Qc7 11.Bg5 Bb7 12.Qd3 e6 13.Qe3 Nd7 14.Bf4 e5 15.Bg3 
Rae8 16.d5 Kh8 17.Rfd1 f5 18.exf5 gxf5 19.Bh4 Qd6 20.Bb5 h6 21.Nd2 Rf7 22.
Nc4 Qf8 23.Qg3 Kh7 24.a4 f4 25.Qh3 Bc8 26.d6 Rf5 27.Be7 Qf7 28.Bc6 Rh5 29.
Qd3+ Kh8 30.Bd5 Qf5 31.Be4 Qe6 32.Bg6 Rg5 33.Bxe8 Rxg2+ 34.Kxg2 e4 35.Qf1 
e3 36.fxe3 Bb7+ 37.Kf2 Nf6 38.Ke1 Ne4 39.Rbc1 f3 40.d7 f2+ 41.Qxf2 Nxf2 
42.d8=Q 1-0

[Event "14th EUR-ch"]
[Site "Legnica POL"]
[Date "2013.05.08"]
[Round "4"]
[White "Laznicka, Viktor"]
[Black "Muzychuk, Mariya"]
[Result "1-0"]
[WhiteElo "2679"]
[BlackElo "2483"]
[EventDate "2013.05.05"]
[PlyCount "51"]

1.d4 f5 2.c4 Nf6 3.Nc3 d6 4.Bg5 Nbd7 5.Qc2 g6 6.O-O-O Bg7 7.h4 c6 8.Nh3 
Qa5 9.Nf4 Nf8 10.h5 Ne4 11.h6 Bxd4 12.Nxe4 fxe4 13.Bxe7 Qxa2 14.Rxd4 Qa1+ 
15.Kd2 Qa5+ 16.b4 Qxb4+ 17.Kd1 Kxe7 18.Rxe4+ Ne6 19.Rh3 Re8 20.Rb3 Qa5 21.
Qb2 Qf5 22.Qg7+ Kd8 23.Nxe6+ Bxe6 24.Rxb7 Qa5 25.Rxe6 Qa4+ 26.Kc1 1-0

[Event "14th EUR-ch"]
[Site "Legnica POL"]
[Date "2013.05.08"]
[Round "4"]
[White "Godena, Michele"]
[Black "Sutovsky, Emil"]
[Result "1-0"]
[WhiteElo "2511"]
[BlackElo "2673"]
[EventDate "2013.05.05"]
[PlyCount "55"]

1.e4 e5 2.Nf3 Nc6 3.Nc3 Nf6 4.d4 exd4 5.Nxd4 Bc5 6.Be3 Bb6 7.Nf5 O-O 8.
Bxb6 axb6 9.Ne3 d6 10.Bd3 Ne5 11.O-O Re8 12.Re1 c6 13.a4 Ng6 14.Qd2 Ra5 
15.Nc4 Rc5 16.Bf1 Nh5 17.Nxd6 Bg4 18.f3 Bxf3 19.gxf3 Ngf4 20.Rad1 Qh4 21.
Nf5 Qg5+ 22.Kh1 g6 23.Bd3 Rxf5 24.exf5 Rd8 25.Rg1 Qh6 26.Ne2 Re8 27.Nxf4 
Nxf4 28.Rg4 1-0

[Event "14th EUR-ch"]
[Site "Legnica POL"]
[Date "2013.05.08"]
[Round "4"]
[White "Georgiev, Kiril"]
[Black "Stachowiak, Kamil"]
[Result "0-1"]
[WhiteElo "2657"]
[BlackElo "2468"]
[EventDate "2013.05.05"]
[PlyCount "90"]

1.d4 d5 2.c4 c6 3.Nf3 e6 4.g3 Nf6 5.Bg2 Bb4+ 6.Nc3 dxc4 7.Ne5 O-O 8.O-O c5
9.dxc5 Bxc5 10.Qxd8 Rxd8 11.Bg5 h6 12.Rfd1 Rf8 13.Bf4 g5 14.Bd2 Nc6 15.
Nxc4 Bd7 16.h4 gxh4 17.gxh4 Kh7 18.Ne4 Nxe4 19.Bxe4+ f5 20.Be3 fxe4 21.
Rxd7+ Be7 22.Na5 Rf7 23.Nxc6 bxc6 24.Bc5 Rg7+ 25.Kf1 Bxc5 26.Rxg7+ Kxg7 
27.Rc1 Bb6 28.e3 Rc8 29.Rc4 Kf6 30.Rxe4 e5 31.Rc4 h5 32.Ke2 Ke6 33.b3 Kd5 
34.Rc1 Rg8 35.Rd1+ Ke6 36.Rc1 Kd6 37.Rd1+ Kc7 38.Rh1 e4 39.b4 Rg4 40.a4 a5
41.Rb1 axb4 42.Rxb4 Rxh4 43.Rb1 Rg4 44.Ra1 Ba5 45.Rb1 h4 0-1

[Event "14th EUR-ch"]
[Site "Legnica POL"]
[Date "2013.05.08"]
[Round "4"]
[White "Mamedov, Nidjat"]
[Black "Fodor, Tamas jr"]
[Result "1-0"]
[WhiteElo "2602"]
[BlackElo "2475"]
[EventDate "2013.05.05"]
[PlyCount "107"]

1.e4 e5 2.Nf3 Nc6 3.Bb5 Nf6 4.O-O Nxe4 5.d4 Nd6 6.Bxc6 dxc6 7.dxe5 Nf5 8.
Qxd8+ Kxd8 9.Nc3 Bd7 10.h3 h6 11.b3 Kc8 12.Bb2 b6 13.Rad1 c5 14.Nd5 a5 15.
a4 c4 16.g4 Ne7 17.Nf4 cxb3 18.cxb3 Rg8 19.Rfe1 Nc6 20.e6 fxe6 21.Nxe6 Bb4
22.Re3 g6 23.Kg2 Bd6 24.Bc1 Nb4 25.Nfd4 Kb7 26.Nb5 Bc6+ 27.Kg1 Bxb5 28.
axb5 a4 29.bxa4 Rxa4 30.Re4 Ra1 31.Rf1 h5 32.Bf4 Rxf1+ 33.Kxf1 Bxf4 34.
Nxf4 Nc2 35.g5 Na3 36.Re5 Kc8 37.Ke2 Kd7 38.Kd3 Rf8 39.Rd5+ Ke8 40.Re5+ 
Kd7 41.Rd5+ Ke8 42.Nxg6 Rxf2 43.Re5+ Kf7 44.Nh4 Rf4 45.g6+ Kf6 46.Rg5 Kxg5
47.g7 Kxh4 48.g8=Q Nc4 49.Qe8 Nd6 50.Qe7+ Kg3 51.Qg5+ Kf3 52.Qxh5+ Kf2 53.
Qe2+ Kg3 54.Qe5 1-0

[Event "14th EUR-ch"]
[Site "Legnica POL"]
[Date "2013.05.08"]
[Round "4"]
[White "Donchenko, Alexander"]
[Black "Pelletier, Yannick"]
[Result "1/2-1/2"]
[WhiteElo "2452"]
[BlackElo "2599"]
[EventDate "2013.05.05"]
[PlyCount "81"]

1.c4 e6 2.g3 f5 3.Bg2 Nf6 4.Nf3 d5 5.O-O c6 6.d3 Be7 7.Nc3 O-O 8.e4 dxe4 
9.dxe4 Nxe4 10.Nxe4 fxe4 11.Qxd8 Rxd8 12.Ng5 e5 13.b3 Na6 14.Nxe4 Nb4 15.
Ba3 a5 16.Rad1 Bg4 17.Rxd8+ Rxd8 18.Bb2 Be2 19.Re1 Rd1 20.Rxd1 Bxd1 21.Nc3
Bc2 22.Kf1 Bd3+ 23.Ke1 Bxc4 24.bxc4 Nd3+ 25.Ke2 Nxb2 26.Bh3 Kf7 27.Bc8 Ke8
28.Bxb7 Kd7 29.Ba6 Kc7 30.Ne4 Kb6 31.Bc8 Nxc4 32.Kd3 Na3 33.Be6 Nb5 34.Nd2
Kc5 35.Bg8 h6 36.Nc4 e4+ 37.Kxe4 Nd6+ 38.Nxd6 Kxd6 39.g4 Bf6 40.f3 a4 41.
Bc4 1/2-1/2

[Event "14th EUR-ch"]
[Site "Legnica POL"]
[Date "2013.05.08"]
[Round "4"]
[White "Fauland, Alexander"]
[Black "Durarbayli, Vasif"]
[Result "1-0"]
[WhiteElo "2449"]
[BlackElo "2597"]
[EventDate "2013.05.05"]
[PlyCount "179"]

1.Nf3 c5 2.g3 b6 3.e4 Bb7 4.d3 d6 5.Bg2 Nd7 6.O-O g6 7.Nc3 Ngf6 8.Nd2 Qc7 
9.a4 a6 10.f4 Bg7 11.Nc4 O-O 12.e5 Ne8 13.Nd5 Bxd5 14.Bxd5 Rd8 15.e6 Nef6 
16.Ne3 Nb8 17.f5 Kh8 18.exf7 g5 19.Qf3 Nbd7 20.Be6 Ne5 21.Qg2 Nxf7 22.Nd5 
Qb7 23.Bd2 g4 24.Nf4 Qxg2+ 25.Kxg2 d5 26.h3 gxh3+ 27.Nxh3 Bh6 28.Bxh6 Nxh6
29.Nf4 Nfg4 30.Rae1 d4 31.Rh1 Rf6 32.Kf3 Ne3 33.Rxe3 dxe3 34.g4 Nf7 35.
Kxe3 Ng5 36.Bb3 Rfd6 37.Rh5 h6 38.Ne6 Rxe6+ 39.Bxe6 Kg7 40.Bc4 a5 41.c3 
Nh7 42.Kf4 Rd6 43.Rh3 Ng5 44.Re3 Kf6 45.Re2 Nh3+ 46.Kg3 Ng5 47.Kf4 Nh3+ 
48.Kg3 Ng5 49.Rh2 Kg7 50.Kf4 Rd8 51.Ke3 Rd6 52.d4 cxd4+ 53.cxd4 Rc6 54.Rc2
Kf6 55.Rc3 Rd6 56.Bd3 e6 57.Rc2 exf5 58.gxf5 Ke7 59.Be4 Kf6 60.Rc8 Nf7 61.
Rg8 Ke7 62.d5 Ne5 63.Kd4 Nd7 64.Rg6 Rf6 65.Rg7+ Kd6 66.Bd3 Ne5 67.Be4 Nd7 
68.Kc4 Rf8 69.Rg6+ Rf6 70.Kb5 Ke5 71.Bc2 h5 72.Rxf6 Nxf6 73.Kxb6 h4 74.Bd1
Kf4 75.Be2 Kg3 76.d6 h3 77.Bb5 Nd5+ 78.Kxa5 h2 79.d7 h1=Q 80.d8=Q Qe1+ 81.
Ka6 Qe5 82.Kb7 Qxf5 83.Bc6 Ne3 84.Qe7 Qd3 85.b4 Nf5 86.Qe5+ Kf2 87.b5 Nd6+
88.Kc7 Nc4 89.Qf4+ Ke1 90.Qe4+ 1-0

[Event "14th EUR-ch"]
[Site "Legnica POL"]
[Date "2013.05.08"]
[Round "4"]
[White "Aghasarian, Robert"]
[Black "Babula, Vlastimil"]
[Result "0-1"]
[WhiteElo "2445"]
[BlackElo "2591"]
[EventDate "2013.05.05"]
[PlyCount "60"]

1.d4 Nf6 2.c4 e6 3.Nc3 Bb4 4.f3 c5 5.a3 Bxc3+ 6.bxc3 Nc6 7.e4 d6 8.Be3 b6 
9.Bd3 O-O 10.Ne2 Ba6 11.Ng3 Rc8 12.Qe2 cxd4 13.cxd4 e5 14.d5 Na5 15.Nf5 
Bxc4 16.O-O Bxd3 17.Qxd3 h6 18.f4 Nc4 19.Bc1 Re8 20.Qg3 g6 21.Nxh6+ Kg7 
22.fxe5 Nxe5 23.Bg5 Nxe4 24.Qxe5+ f6 25.Rxf6 Nxg5 26.Rf7+ Kxh6 27.Qg7+ Kh5
28.Rf4 Nh3+ 29.gxh3 Qg5+ 30.Rg4 Rc1+ 0-1

[Event "14th EUR-ch"]
[Site "Legnica POL"]
[Date "2013.05.08"]
[Round "4"]
[White "Khaetsky, Roman"]
[Black "Iordachescu, Viorel"]
[Result "0-1"]
[WhiteElo "2426"]
[BlackElo "2582"]
[EventDate "2013.05.05"]
[PlyCount "103"]

1.e4 c6 2.d4 d5 3.exd5 cxd5 4.c4 Nf6 5.Nc3 g6 6.Qb3 Bg7 7.cxd5 O-O 8.Be2 
b6 9.Bf3 Bb7 10.Nge2 Qd7 11.Bg5 Rd8 12.Bxf6 Bxf6 13.O-O Na6 14.Rad1 Rab8 
15.Nb5 Bxd5 16.Bxd5 Qxd5 17.Qxd5 Rxd5 18.Nxa7 Nb4 19.Nc3 Rxd4 20.a3 Rxd1 
21.Rxd1 Bxc3 22.bxc3 Na6 23.g3 Nc5 24.Nc6 Rb7 25.Rb1 e6 26.Ne5 Ne4 27.c4 
Kg7 28.Rb5 Nc5 29.Nc6 Kf6 30.Na5 Ra7 31.Nb3 Nd7 32.c5 bxc5 33.Nxc5 Nxc5 
34.Rxc5 Rxa3 35.h4 h6 36.Rc7 e5 37.Kg2 h5 38.Rb7 Rd3 39.Ra7 Ke6 40.Rb7 Rd7
41.Rb6+ Kf5 42.Kf3 e4+ 43.Ke3 Rd3+ 44.Ke2 Kg4 45.Rb4 f5 46.Rb6 Kh3 47.Kf1 
Rd1+ 48.Ke2 Ra1 49.f3 exf3+ 50.Kf2 Ra2+ 51.Kf1 g5 52.Ke1 0-1

[Event "14th EUR-ch"]
[Site "Legnica POL"]
[Date "2013.05.08"]
[Round "4"]
[White "Meribanov, Vitaly"]
[Black "Kempinski, Robert"]
[Result "1-0"]
[WhiteElo "2431"]
[BlackElo "2580"]
[EventDate "2013.05.05"]
[PlyCount "61"]

1.e4 c5 2.Nc3 a6 3.Nf3 d6 4.d4 cxd4 5.Nxd4 Nf6 6.Be2 e6 7.Be3 Nbd7 8.f4 
Qc7 9.a4 b6 10.Bf3 Bb7 11.Qe2 e5 12.Nf5 g6 13.fxe5 dxe5 14.Ng3 Bb4 15.O-O 
Bxc3 16.bxc3 O-O 17.Bg4 Qxc3 18.Bh6 Nxg4 19.Qxg4 Nf6 20.Qe2 Rfd8 21.Qf2 
Rd6 22.Rad1 Rc6 23.Bg5 Qxc2 24.Bxf6 Qxf2+ 25.Rxf2 Rc4 26.Rfd2 Rf8 27.Rd8 
Bc6 28.R1d3 Rxa4 29.Nf5 Ra1+ 30.Kf2 Ra2+ 31.Ke1 1-0

[Event "14th EUR-ch"]
[Site "Legnica POL"]
[Date "2013.05.08"]
[Round "4"]
[White "Skytte, Rasmus"]
[Black "Kuljasevic, Davorin"]
[Result "1/2-1/2"]
[WhiteElo "2426"]
[BlackElo "2578"]
[EventDate "2013.05.05"]
[PlyCount "72"]

1.d4 Nf6 2.Nf3 e6 3.c4 b6 4.g3 Ba6 5.Nbd2 d5 6.Bg2 Be7 7.O-O O-O 8.Ne5 Bb7
9.b3 c5 10.dxc5 bxc5 11.cxd5 exd5 12.e4 dxe4 13.Bb2 Qc8 14.Qe2 Nc6 15.Nxc6
Qxc6 16.Rfe1 Rfe8 17.Nxe4 Nxe4 18.Bxe4 Qxe4 19.Qxe4 Bxe4 20.Rxe4 Bf8 21.
Rae1 Rxe4 22.Rxe4 Rd8 23.Ra4 Rd7 24.Be5 Rb7 25.Bf4 f6 26.Be3 Kf7 27.Ra6 
Ke8 28.Kf1 Kd8 29.Ra5 Kc7 30.Ke2 Kc6 31.Kd3 Kd5 32.Ra4 Bd6 33.Ra5 Bf8 34.
Ra4 Bd6 35.Ra5 Bf8 36.Ra4 Bd6 1/2-1/2

[Event "14th EUR-ch"]
[Site "Legnica POL"]
[Date "2013.05.08"]
[Round "4"]
[White "Parligras, Mircea"]
[Black "Kolosowski, Mateusz"]
[Result "1-0"]
[WhiteElo "2570"]
[BlackElo "2421"]
[EventDate "2013.05.05"]
[PlyCount "79"]

1.d4 Nf6 2.c4 g6 3.f3 d5 4.cxd5 Nxd5 5.e4 Nb6 6.Nc3 Bg7 7.Be3 O-O 8.Qd2 f5
9.e5 Nc6 10.O-O-O Nb4 11.Nh3 N4d5 12.Nf4 Nxe3 13.Qxe3 Bh6 14.h4 e6 15.Kb1 
c6 16.Bd3 Rf7 17.g3 Bd7 18.Qe2 Qf8 19.Bc2 Bxf4 20.gxf4 h5 21.Rhg1 Rg7 22.
Bb3 Qb4 23.Qc2 Kh7 24.a3 Qe7 25.Rg5 Rd8 26.Ne2 Be8 27.Rdg1 Bf7 28.Ng3 Rgg8
29.Qg2 Kh8 30.Ne4 fxe4 31.fxe4 Rxd4 32.f5 exf5 33.e6 Bxe6 34.Rxg6 Qh7 35.
Rxg8+ Qxg8 36.Qf2 Qd8 37.Qg3 Qf6 38.Bxe6 Rd8 39.Qf3 Qxh4 40.Qc3+ 1-0

[Event "14th EUR-ch"]
[Site "Legnica POL"]
[Date "2013.05.08"]
[Round "4"]
[White "Firat, Burak"]
[Black "Ruck, Robert"]
[Result "0-1"]
[WhiteElo "2421"]
[BlackElo "2570"]
[EventDate "2013.05.05"]
[PlyCount "58"]

1.e4 d5 2.exd5 Qxd5 3.d4 Nf6 4.Nc3 Qa5 5.Nf3 Bf5 6.Bc4 e6 7.Bd2 Bb4 8.Nh4 
Bg6 9.Nxg6 hxg6 10.a3 Bxc3 11.Bxc3 Qf5 12.O-O Nc6 13.Bd3 Qd5 14.Be2 O-O-O 
15.Bf3 Qd6 16.h3 Nxd4 17.Bxd4 Qxd4 18.Qe2 c6 19.a4 Qf4 20.Ra3 Rd2 21.Qe1 
Rhd8 22.Qb1 e5 23.b4 e4 24.g3 Qe5 25.Bg2 Nd5 26.Qe1 Nxb4 27.Rb3 Nxc2 28.
Qb1 R8d7 29.Kh1 f5 0-1

[Event "14th EUR-ch"]
[Site "Legnica POL"]
[Date "2013.05.08"]
[Round "4"]
[White "Markowski, Tomasz"]
[Black "Hnydiuk, Aleksander"]
[Result "1-0"]
[WhiteElo "2567"]
[BlackElo "2409"]
[EventDate "2013.05.05"]
[PlyCount "119"]

1.d4 d5 2.Nf3 Nf6 3.c3 Bf5 4.Qb3 Qc8 5.Bf4 c5 6.e3 c4 7.Qa4+ Nbd7 8.Be2 a6
9.Nbd2 b5 10.Qd1 h6 11.O-O e6 12.Ne5 Be7 13.Re1 O-O 14.Bf3 Nxe5 15.Bxe5 
Ne4 16.Nxe4 Bxe4 17.Bxe4 dxe4 18.f3 Qc6 19.Rf1 exf3 20.Rxf3 Bd6 21.Bxd6 
Qxd6 22.Rg3 f5 23.Qf3 Rae8 24.Rf1 e5 25.Qh5 exd4 26.exd4 f4 27.Rg6 Re6 28.
Rxe6 Qxe6 29.Qf3 g5 30.d5 Qe5 31.Rd1 Rd8 32.h3 Kg7 33.Kh2 Rd6 34.Kg1 Kg6 
35.Kf2 Kg7 36.b3 Kf6 37.bxc4 bxc4 38.Rd4 Rb6 39.Rxc4 Qf5 40.Kg1 Rd6 41.Rd4
Qe5 42.Kf2 Rb6 43.Rd2 Rd6 44.Rd1 Kg7 45.a4 a5 46.Rd4 Kf6 47.g3 Rb6 48.Rd2 
Rd6 49.gxf4 Qxf4 50.Qxf4+ gxf4 51.Kf3 Kf5 52.Rd4 Kg5 53.h4+ Kf5 54.Rxf4+ 
Ke5 55.Re4+ Kf5 56.Rd4 h5 57.Ke3 Rd7 58.Rf4+ Ke5 59.Re4+ Kd6 60.Kd4 1-0

[Event "14th EUR-ch"]
[Site "Legnica POL"]
[Date "2013.05.08"]
[Round "4"]
[White "Grigorian, Karen"]
[Black "Kanovsky, David"]
[Result "1-0"]
[WhiteElo "2559"]
[BlackElo "2404"]
[EventDate "2013.05.05"]
[PlyCount "111"]

1.d4 d5 2.c4 Nc6 3.Nf3 Bg4 4.cxd5 Bxf3 5.gxf3 Qxd5 6.e3 e5 7.Nc3 Bb4 8.Bd2
Bxc3 9.bxc3 Qd6 10.Bg2 Nge7 11.O-O Rd8 12.Qb3 b6 13.Bc1 O-O 14.Ba3 Qf6 15.
Rad1 Rfe8 16.dxe5 Nxe5 17.f4 N5g6 18.Rxd8 Rxd8 19.Rd1 Nf5 20.Rxd8+ Qxd8 
21.Qc2 Ngh4 22.Be4 Qd7 23.c4 c5 24.Bb2 h5 25.Qd3 Qxd3 26.Bxd3 Nd6 27.Kf1 
f6 28.e4 Kf7 29.e5 Ndf5 30.Be4 Ke6 31.Bd5+ Ke7 32.Ke2 Ng6 33.Kf3 Nfh4+ 34.
Ke3 Nf8 35.exf6+ gxf6 36.Ke4 Ne6 37.a4 Ng7 38.Bg8 Nhf5 39.Kd5 Nh6 40.Bh7 
Ne6 41.Kc6 Nf7 42.Kb7 Nd6+ 43.Kxa7 Nxf4 44.Bc2 Nxc4 45.Bc1 Nh3 46.Bb3 Nd6 
47.Kxb6 Nxf2 48.a5 Nd3 49.Ba3 f5 50.a6 f4 51.Bd5 Nb4 52.a7 Nc8+ 53.Kxc5 
Nxa7 54.Bxb4 Nc8 55.Bb7 Kd7 56.Bxc8+ 1-0

[Event "14th EUR-ch"]
[Site "Legnica POL"]
[Date "2013.05.08"]
[Round "4"]
[White "Lubczynski, Rafal"]
[Black "Djukic, Nikola"]
[Result "1-0"]
[WhiteElo "2419"]
[BlackElo "2555"]
[EventDate "2013.05.05"]
[PlyCount "61"]

1.Nf3 Nf6 2.c4 g6 3.d4 Bg7 4.g3 O-O 5.Bg2 d6 6.O-O Nc6 7.Nc3 a6 8.b3 Rb8 
9.Bb2 b5 10.cxb5 axb5 11.Rc1 b4 12.Na4 Na7 13.Qc2 c6 14.e4 Qa5 15.h3 Bd7 
16.Rfe1 Nc8 17.Qd2 Nb6 18.Nxb6 Qxb6 19.d5 Rfc8 20.Rc4 cxd5 21.Rxc8+ Rxc8 
22.exd5 e5 23.dxe6 Bxe6 24.Bd4 Qa6 25.Ng5 Re8 26.Qf4 Nh5 27.Rxe6 Nxf4 28.
Rxe8+ Bf8 29.gxf4 Qb5 30.Nxh7 Kxh7 31.Rxf8 1-0

[Event "14th EUR-ch"]
[Site "Legnica POL"]
[Date "2013.05.08"]
[Round "4"]
[White "Jianu, Vlad-Cristian"]
[Black "Hagen, Andreas Skytte"]
[Result "1-0"]
[WhiteElo "2555"]
[BlackElo "2400"]
[EventDate "2013.05.05"]
[PlyCount "87"]

1.d4 Nf6 2.c4 g6 3.Nc3 Bg7 4.e4 d6 5.f4 O-O 6.Nf3 c5 7.dxc5 dxc5 8.Bd3 Nc6
9.e5 Nb4 10.Bb1 Qxd1+ 11.Nxd1 Nh5 12.Be3 f6 13.O-O Bg4 14.Be4 Nc6 15.Bd5+ 
e6 16.Bxc6 bxc6 17.Bxc5 Rf7 18.exf6 Rxf6 19.g3 Bxf3 20.Rxf3 e5 21.Rf2 Rf7 
22.fxe5 Bxe5 23.Rxf7 Kxf7 24.Nf2 Nf6 25.Nd3 Bc7 26.Re1 Ng8 27.Ne5+ Bxe5 
28.Rxe5 a6 29.Kf2 Rb8 30.b3 Rb7 31.Be3 Nf6 32.Kf3 Rb8 33.Bg5 Rb7 34.Ra5 
Ra7 35.Bxf6 Kxf6 36.Rc5 Rc7 37.Ra5 Ra7 38.b4 Ke6 39.Ke4 Kd6 40.Kd4 Rb7 41.
a3 Ra7 42.b5 c5+ 43.Kd3 Kc7 44.Rxa6 1-0

[Event "14th EUR-ch"]
[Site "Legnica POL"]
[Date "2013.05.08"]
[Round "4"]
[White "Rzayev, Bahruz"]
[Black "Gritsak, Orest"]
[Result "1/2-1/2"]
[WhiteElo "2411"]
[BlackElo "2549"]
[EventDate "2013.05.05"]
[PlyCount "90"]

1.d4 Nf6 2.c4 g6 3.g3 c5 4.Bg2 cxd4 5.Qxd4 Nc6 6.Qd1 Bg7 7.Nc3 d6 8.Nf3 
Be6 9.Qa4 O-O 10.O-O Qa5 11.Qb5 a6 12.Qxa5 Nxa5 13.b3 Rfc8 14.Bd2 Nc6 15.
Ng5 Bd7 16.Rac1 Rab8 17.a4 Nd4 18.Rb1 h6 19.Nf3 Nxf3+ 20.Bxf3 Bc6 21.Bg2 
Bxg2 22.Kxg2 Nd7 23.Rfc1 Bxc3 24.Rxc3 h5 25.Rbc1 f6 26.Be3 b6 27.f3 Kf7 
28.Bd4 g5 29.e4 g4 30.f4 Nc5 31.Bxc5 bxc5 32.h4 Rb4 33.Re1 Rcb8 34.Ree3 e6
35.Kf2 Ke7 36.Ke2 a5 37.Kd2 Rf8 38.Rcd3 f5 39.Kc2 Kd7 40.e5 Rb6 41.exd6 
Rxd6 42.Re5 Rxd3 43.Kxd3 Kd6 44.Kc3 Rb8 45.Kc2 Rb6 1/2-1/2

[Event "14th EUR-ch"]
[Site "Legnica POL"]
[Date "2013.05.08"]
[Round "4"]
[White "Stocek, Jiri"]
[Black "Nedilko, Vasyl"]
[Result "1-0"]
[WhiteElo "2549"]
[BlackElo "2396"]
[EventDate "2013.05.05"]
[PlyCount "61"]

1.Nf3 Nf6 2.c4 g6 3.Nc3 d5 4.cxd5 Nxd5 5.Qb3 Nb6 6.d4 Be6 7.Qc2 Bg7 8.e4 
O-O 9.Be3 Bg4 10.Ne5 Bxe5 11.dxe5 Nc6 12.f4 Nb4 13.Qf2 Nd3+ 14.Bxd3 Qxd3 
15.h3 Nc4 16.Bc5 b6 17.hxg4 bxc5 18.Rh3 Qd4 19.b3 Nb6 20.Rd1 Qxf2+ 21.Kxf2
Kg7 22.Rdh1 Rh8 23.g5 e6 24.g4 Rad8 25.f5 exf5 26.exf5 gxf5 27.gxf5 Rd4 
28.Ke2 Rg4 29.f6+ Kg6 30.Kf3 Rxg5 31.Ke4 1-0

[Event "14th EUR-ch"]
[Site "Legnica POL"]
[Date "2013.05.08"]
[Round "4"]
[White "Manea, Alexandru"]
[Black "Kraemer, Martin"]
[Result "1/2-1/2"]
[WhiteElo "2389"]
[BlackElo "2544"]
[EventDate "2013.05.05"]
[PlyCount "48"]

1.c4 e6 2.Nc3 Nf6 3.e4 d5 4.cxd5 exd5 5.e5 Ne4 6.d4 Bb4 7.Qa4+ Nc6 8.Bb5 
Bd7 9.Ne2 Nxc3 10.bxc3 Be7 11.Nf4 O-O 12.O-O a6 13.Be2 Nxe5 14.Qb3 Nc4 15.
Nxd5 b5 16.Nxe7+ Qxe7 17.Bf3 Rab8 18.Qb4 Qd6 19.Bg5 Rfe8 20.Rfe1 a5 21.
Qxd6 cxd6 22.Bf4 Red8 23.Bg5 Rdc8 24.Re2 Bc6 1/2-1/2

[Event "14th EUR-ch"]
[Site "Legnica POL"]
[Date "2013.05.08"]
[Round "4"]
[White "Mazur, Stefan"]
[Black "Mirzoev, Azer"]
[Result "0-1"]
[WhiteElo "2402"]
[BlackElo "2543"]
[EventDate "2013.05.05"]
[PlyCount "74"]

1.e4 e6 2.d4 d5 3.Nc3 Bb4 4.e5 c5 5.a3 Ba5 6.b4 cxd4 7.Nb5 Bc7 8.f4 Bd7 9.
Nxc7+ Qxc7 10.Nf3 Ba4 11.Bb2 Ne7 12.Bd3 Nbc6 13.O-O Qb6 14.Qe2 Bb5 15.Ng5 
Bxd3 16.cxd3 h6 17.Qh5 O-O 18.Nf3 f5 19.exf6 Rxf6 20.Rae1 Raf8 21.Qh3 Nf5 
22.g4 Ne3 23.g5 hxg5 24.fxg5 Rg6 25.Qh5 Nxf1 26.Qxg6 Ne7 27.Qh5 Qb5 28.
Rxf1 Qxd3 29.Qh3 Qe3+ 30.Kh1 Ng6 31.Bxd4 Qe4 32.Bc5 Rf5 33.Bd6 e5 34.Qh5 
Rf4 35.Kg2 Rh4 36.Qxg6 Qxg6 37.Be7 Rg4+ 0-1

[Event "14th EUR-ch"]
[Site "Legnica POL"]
[Date "2013.05.08"]
[Round "4"]
[White "Zawadzka, Jolanta"]
[Black "Maiorov, Nikita"]
[Result "1/2-1/2"]
[WhiteElo "2383"]
[BlackElo "2535"]
[EventDate "2013.05.05"]
[PlyCount "118"]

1.e4 e5 2.Nf3 Nc6 3.Nc3 Nf6 4.d4 exd4 5.Nxd4 Bb4 6.Nxc6 bxc6 7.Bd3 O-O 8.
O-O d5 9.exd5 cxd5 10.h3 Rb8 11.Qf3 Bd6 12.Nb5 Be5 13.Re1 Re8 14.Bf4 Bxf4 
15.Qxf4 Rb7 16.b3 Bd7 17.a4 a6 18.Nd4 c5 19.Nf3 a5 20.Rxe8+ Bxe8 21.Re1 
Bc6 22.Nh4 Rb4 23.c4 Rxb3 24.Nf5 Bd7 25.Bc2 Rb2 26.Ne7+ Kh8 27.Qc1 Rb4 28.
cxd5 Qb6 29.Qg5 Qd6 30.Nf5 Bxf5 31.Qxf5 g6 32.Qc8+ Kg7 33.Qa8 Rb2 34.Bd1 
Qf4 35.Bf3 Qxa4 36.Rd1 Qc2 37.Qxa5 Qxf2+ 38.Kh1 Ra2 39.Qc3 Rc2 40.Qa1 Rd2 
41.Rc1 Rd3 42.Qe5 Re3 43.Qc7 Rxf3 44.gxf3 Qxf3+ 45.Kh2 Qf2+ 46.Kh1 Qe3 47.
Rxc5 Nxd5 48.Qd6 Qxh3+ 49.Kg1 Qe3+ 50.Kh1 Qe4+ 51.Kg1 Nf4 52.Qd2 h5 53.
Qb2+ Kh7 54.Re5 Qf3 55.Re8 Qg3+ 56.Kf1 Qh3+ 57.Kg1 Qg4+ 58.Kh2 f6 59.Qb1 
Kh6 1/2-1/2

[Event "14th EUR-ch"]
[Site "Legnica POL"]
[Date "2013.05.08"]
[Round "4"]
[White "Gabuzian, Hovhannes"]
[Black "Tari, Aryan"]
[Result "1-0"]
[WhiteElo "2532"]
[BlackElo "2385"]
[EventDate "2013.05.05"]
[PlyCount "63"]

1.e4 c6 2.d4 d5 3.exd5 cxd5 4.c4 Nf6 5.Nc3 g6 6.cxd5 Nxd5 7.Qb3 Nb6 8.d5 
Bg7 9.Be3 O-O 10.Rd1 Na6 11.Be2 Qd6 12.Nf3 Bg4 13.h3 Bxf3 14.Bxf3 Nc5 15.
Qb5 Rfc8 16.O-O Bxc3 17.bxc3 Nca4 18.Rd4 Nxc3 19.Qb3 Qd7 20.Bg4 f5 21.Bf3 
Nb5 22.d6+ e6 23.Rd3 Nc4 24.Bf4 Na5 25.Qb4 Rc4 26.Qxa5 Rxf4 27.Bxb7 Rf8 
28.Bc6 Qxc6 29.d7 Nc7 30.d8=Q Rxd8 31.Rxd8+ Kg7 32.Qe5+ 1-0

[Event "14th EUR-ch"]
[Site "Legnica POL"]
[Date "2013.05.08"]
[Round "4"]
[White "Petr, Martin"]
[Black "Zude, Erik"]
[Result "1/2-1/2"]
[WhiteElo "2523"]
[BlackElo "2382"]
[EventDate "2013.05.05"]
[PlyCount "81"]

1.d4 d5 2.Nf3 Nf6 3.g3 g6 4.Bg2 Bg7 5.c4 O-O 6.cxd5 Nxd5 7.O-O Nc6 8.Nc3 
Nb6 9.e3 Re8 10.Re1 e5 11.dxe5 Nxe5 12.Nxe5 Qxd1 13.Rxd1 Bxe5 14.f4 Bxc3 
15.bxc3 Rb8 16.e4 Na4 17.c4 b6 18.e5 Be6 19.Bc6 Nc3 20.Re1 Red8 21.Bb2 Rd3
22.Bxc3 Rxc3 23.Bd5 Kf8 24.a4 Rd8 25.Rec1 Rxc1+ 26.Rxc1 Bxd5 27.cxd5 Rxd5 
28.Rxc7 Ra5 29.Rc4 g5 30.Kf2 gxf4 31.gxf4 f6 32.Rc8+ Ke7 33.Rc7+ Kd8 34.
Rxh7 fxe5 35.fxe5 Rxa4 36.Ke3 b5 37.h4 b4 38.h5 b3 39.Rb7 Rh4 40.Kd2 Rxh5 
41.Kc3 1/2-1/2

[Event "14th EUR-ch"]
[Site "Legnica POL"]
[Date "2013.05.08"]
[Round "4"]
[White "Zontakh, Andriy"]
[Black "Pasiev, Rakhim"]
[Result "1-0"]
[WhiteElo "2521"]
[BlackElo "2379"]
[EventDate "2013.05.05"]
[PlyCount "87"]

1.d4 d6 2.Nf3 Nf6 3.c4 Nbd7 4.Nc3 e5 5.e4 Be7 6.Be2 O-O 7.O-O c6 8.Be3 Re8
9.d5 Nf8 10.Ne1 Ng6 11.Nd3 Bd7 12.Qd2 a6 13.f3 Qc7 14.Rac1 Red8 15.b4 Be8 
16.a4 a5 17.bxa5 c5 18.g3 Rxa5 19.Bd1 Bd7 20.Nf2 Raa8 21.Kh1 Rf8 22.f4 
exf4 23.gxf4 Ne8 24.Bc2 Qc8 25.Rg1 f5 26.Rxg6 hxg6 27.e5 dxe5 28.fxe5 Qb8 
29.Nd3 b6 30.Rg1 f4 31.Nxf4 Qxe5 32.Nxg6 Qf6 33.Nxf8 Qf3+ 34.Qg2 Qxg2+ 35.
Kxg2 Kxf8 36.Rf1+ Kg8 37.Nb5 Bxb5 38.cxb5 Nf6 39.Bf4 Rd8 40.Bc7 Rc8 41.d6 
Bd8 42.Bf5 Rxc7 43.dxc7 Bxc7 44.Bg6 1-0

[Event "14th EUR-ch"]
[Site "Legnica POL"]
[Date "2013.05.08"]
[Round "4"]
[White "Izzat, Kanan"]
[Black "Bukavshin, Ivan"]
[Result "1-0"]
[WhiteElo "2322"]
[BlackElo "2520"]
[EventDate "2013.05.05"]
[PlyCount "79"]

1.d4 Nf6 2.c4 e6 3.Nf3 d5 4.Nc3 c6 5.Bg5 h6 6.Bxf6 Qxf6 7.e3 Nd7 8.Bd3 g6 
9.O-O Bg7 10.e4 dxc4 11.e5 Qe7 12.Bxc4 O-O 13.Qe2 Rb8 14.Bb3 b6 15.Rad1 
Bb7 16.Rfe1 Rfe8 17.h4 Ba8 18.h5 g5 19.Nh2 c5 20.Ng4 cxd4 21.Rxd4 Red8 22.
Bc2 Nc5 23.Red1 Rxd4 24.Rxd4 Qc7 25.Qd2 Bxe5 26.Nb5 Qc6 27.Nxh6+ Kf8 28.
Rd8+ Rxd8 29.Qxd8+ Qe8 30.Qxg5 Nd7 31.f4 Bg7 32.Nd6 Qe7 33.Nhxf7 Bxb2 34.
h6 Bd4+ 35.Kf1 Qxg5 36.fxg5 Ne5 37.g6 Ng4 38.g7+ Bxg7 39.hxg7+ Kxg7 40.Bb3
1-0

[Event "14th EUR-ch"]
[Site "Legnica POL"]
[Date "2013.05.08"]
[Round "4"]
[White "Dragun, Kamil"]
[Black "Worek, Joanna"]
[Result "1/2-1/2"]
[WhiteElo "2520"]
[BlackElo "2299"]
[EventDate "2013.05.05"]
[PlyCount "86"]

1.Nf3 Nf6 2.g3 d5 3.Bg2 e6 4.O-O Be7 5.d3 c5 6.Nbd2 Nc6 7.e4 Qc7 8.Re1 b6 
9.Qe2 Bb7 10.c3 h6 11.a3 a5 12.h3 a4 13.Nf1 dxe4 14.dxe4 O-O 15.e5 Nd7 16.
N1h2 Rfd8 17.h4 Nf8 18.h5 Na5 19.Bf4 Ba6 20.Qe3 Nb3 21.Rab1 Nh7 22.Ng4 Bf8
23.Rbd1 Rxd1 24.Rxd1 Rd8 25.Rxd8 Qxd8 26.Nd2 Nc1 27.Bf1 Bxf1 28.Nxf1 Nd3 
29.Qd2 c4 30.Be3 Ng5 31.Qe2 b5 32.f4 Ne4 33.Qg2 Qd5 34.Bd4 Bc5 35.Bxc5 
Nexc5 36.Qe2 Qe4 37.Nfe3 Nb3 38.Kh2 Nbc1 39.Qd1 Nb3 40.Qe2 Nbc1 41.Qd1 Nb3
42.Qe2 Nbc1 43.Qd1 Nb3 1/2-1/2